Filosofia na escola: diferentes abordagens

Furkejuvvon:
Bibliográfalaš dieđut
Váldodahkkit: Silveira, Rene José Trentin (Dahkki), Goto, Roberto (Dahkki)
Materiálatiipa: Girji
Giella:portugalágiella
Almmustuhtton: Sao Paulo Edicoes Loyola 2008
Ráidu:Filosofar é Preciso
Fáttát:
Fáddágilkorat: Lasit fáddágilkoriid
Eai fáddágilkorat, Lasit vuosttaš fáddágilkora!

MARC

LEADER 00000cam a2200000 a 4500
001 UCF2869
003 CL-VaPUC
008 120910e20080000BL |||||||||||||||||por|d
020 |a 9788515034772 
082 0 4 |a 100  |b SIL  |2 21 
100 0 |a Silveira, Rene José Trentin  |e author  |9 564704 
700 0 |a Goto, Roberto  |e author  |9 564705 
245 1 0 |a Filosofia na escola: diferentes abordagens 
300 |a 123 p 
942 |c BK 
945 |d 20120910 00:00:00  |a dcastane 
260 |a Sao Paulo  |b Edicoes Loyola  |c 2008 
650 0 |a Enseñanza de la filosofía   |9 256848 
650 0 |a Lógica  |9 256849 
650 0 |a Ontología   |9 256850 
650 0 |a Ética  |9 255099 
583 |a last modification  |c 20120914 12:08:15  |k Rodrigo Vera 
490 0 |a Filosofar é Preciso 
999 |c 349407  |d 349405 
952 |0 0  |1 0  |4 0  |6 100_000000000000000_SIL_2008  |7 0  |8 A  |9 452018  |a BIBEDU  |b BIBEDU  |d 2019-11-22  |i 4902602  |o 100 SIL 2008  |p 4902602  |r 2019-11-22  |w 2019-11-22  |y BK  |k FIL